Forensic Computing : A Practitioner´s Guide
Saved in:
| Main Authors: | , |
|---|---|
| Format: | Book |
| Language: | English |
| Published: |
London :
Springer Verlag London,
2007
|
| Edition: | 2.ed. |
| Subjects: | |
| Tags: |
No Tags, Be the first to tag this record!
|
MARC
| LEADER | 00000nam a22000003a 4500 | ||
|---|---|---|---|
| 001 | stu165588 | ||
| 005 | 20190206105108.6 | ||
| 008 | 080620s2007----uk------------------eng-d | ||
| 020 | |a 978-1-84628-397-0 | ||
| 040 | |a STU |b slo | ||
| 041 | 0 | |a eng | |
| 044 | |a uk | ||
| 080 | |a 340.6 | ||
| 080 | |a 004 |7 stu_us_auth*stu9200 | ||
| 100 | 1 | |a Sammes, Tony |4 aut | |
| 245 | 1 | |a Forensic Computing : |b A Practitioner´s Guide | |
| 250 | |a 2.ed. | ||
| 260 | |a London : |b Springer Verlag London, |c 2007 | ||
| 300 | |a 465 s | ||
| 650 | 7 | |a súdne lekárstvo |2 stusub | |
| 650 | 7 | |a výpočtová technika |2 stusub | |
| 700 | 1 | |a Jenkinson, Brian |4 aut | |
| 996 | |b 284EK87276 |c E*87276 |l EE22 |s P |a 0 |w stu165588_0001 | ||